LEADER 02149nam 2200649Ia 450 001 9910457000203321 005 20200520144314.0 010 $a1-283-08156-3 010 $a9786613081568 010 $a0-309-16395-1 035 $a(CKB)2550000000032882 035 $a(OCoLC)721907472 035 $a(CaPaEBR)ebrary10466016 035 $a(SSID)ssj0000535855 035 $a(PQKBManifestationID)11364482 035 $a(PQKBTitleCode)TC0000535855 035 $a(PQKBWorkID)10546216 035 $a(PQKB)10303235 035 $a(MiAaPQ)EBC3378769 035 $a(Au-PeEL)EBL3378769 035 $a(CaPaEBR)ebr10466016 035 $a(CaONFJC)MIL308156 035 $a(OCoLC)923283367 035 $a(EXLCZ)992550000000032882 100 $a20140513d2011 uy 0 101 0 $aeng 135 $aurcn||||||||| 181 $ctxt 182 $cc 183 $acr 200 00$aDietary reference intakes$b[electronic resource] $ecalcium, vitamin D /$fCommittee to Review Dietary Reference Intakes for Vitamin D and Calcium, Food and Nutrition Board ; A. Catharine Ross ... [et al.], editors 210 $aWashington, DC $cNational Academies Press$dc2011 215 $a1 online resource (1131 p.) 300 $aAt head of title: DRI. 311 $a0-309-16394-3 320 $aIncludes bibliographical references and index. 606 $aCalcium in the body 606 $aVitamin D in the body 606 $aCalcium in human nutrition 606 $aVitamin D in human nutrition 606 $aDietary supplements 608 $aElectronic books. 615 0$aCalcium in the body. 615 0$aVitamin D in the body. 615 0$aCalcium in human nutrition. 615 0$aVitamin D in human nutrition. 615 0$aDietary supplements. 676 $a612.3/99 701 $aRoss$b A. Catharine$0854786 712 02$aInstitute of Medicine (U.S.).$bCommittee to Review Dietary Reference Intakes for Vitamin D and Calcium. 801 0$bMiAaPQ 801 1$bMiAaPQ 801 2$bMiAaPQ 906 $aBOOK 912 $a9910457000203321 996 $aDietary reference intakes$92054058 997 $aUNINA LEADER 01365nam 2200373 n 450 001 996394924403316 005 20200824121631.0 035 $a(CKB)4940000000123540 035 $a(EEBO)2248565726 035 $a(UnM)ocm99894787e 035 $a(UnM)99894787 035 $a(EXLCZ)994940000000123540 100 $a19800410d1716 uy 101 0 $aeng 135 $aurbn||||a|bb| 200 10$aSeveral letters to the Reverend Dr. Clarke, from a gentleman in Glocestershire$b[electronic resource] $erelating to the first volume of the sermons preached at Mr Boyle's lecture; with the Dr's answers thereunto 210 $aLondon, $cPrinted for James Knapton, at the Crow in St. Paul's Church-Yard.$d1716 215 $a42, [2] p 300 $aA gentleman in Glocestershire = Joseph Butler. 300 $aP.19 misnumbered 91. 300 $aWith a final advertisement leaf. 300 $aReproduction of original in the British Library. 330 $aeebo-0018 606 $aSermons, English$vEarly works to 1800 615 0$aSermons, English 700 $aButler$b Joseph$f1692-1752.$0160912 801 0$bUk-ES 801 1$bUk-ES 801 2$bCStRLIN 801 2$bCu-RivES 906 $aBOOK 912 $a996394924403316 996 $aSeveral letters to the Reverend Dr. Clarke, from a gentleman in Glocestershire$92391547 997 $aUNISA